000 00540nam a22001937a 4500
003 OSt
005 20140310181801.0
008 130703t xxu||||| |||| 00| 0 eng d
020 _a0304344931
050 _aTR 145
_b.P962 1994
082 _aREF 770
_bP94 1994
245 _aProblem solver :
_byour questions answered /
_cRoger Hicks
260 _aLondon :
_bEaglemoss Publications Ltd.,
_cc1994.
300 _a96 p.
_bcol. : ill. ;
_g29 cm.
521 _aBasic Ed. Students
541 _j1
562 _e1
942 _2lcc
_cBK-GR
_kREF
999 _c3624
_d3624